| 000 | 00649nam a2200229 u 4500 | ||
|---|---|---|---|
| 005 | 20220916063623.0 | ||
| 008 | 150508s2006 r 000 0 eng d | ||
| 020 | _a1403486190 | ||
| 035 | _aUPN01000203325 | ||
| 049 | _aI | ||
| 050 | 4 |
_aQL697 _bM3.6 |
|
| 100 | 1 |
_aMayer, Cassie _932877 |
|
| 245 | 1 | 0 |
_aPlumas / _cCassie Mayer. |
| 260 |
_aChicago, EUA : _bHeinemann, _c2006. |
||
| 300 |
_a24 p. : _bil. col. |
||
| 440 | 0 | _aRecubrimientos del cuerpo | |
| 534 |
_pTítulo original: _tFeathers |
||
| 650 | 4 |
_aPLUMAS - _vLITERATURA INFANTIL _923911 |
|
| 650 | 7 |
_aLibros ilustrados para niños _2 _921365 |
|
| 905 | _aInfantil | ||
| 999 |
_c175426 _d175426 |
||